000 00319nam a22001217a 4500
008 180519b xxu||||| |||| 00| 0 eng d
041 _aeng
080 _a043.3
100 _a0
101 _aSHKI-BA
245 _aImpakti i Teknologjise Informative dhe te Komunikimit ne Industrite Bankare
_cHalili, V
942 _2udc
_cBK
999 _c46041
_d46041